000 00416nam a2200181Ia 4500
001 2174
005 20260306143822.0
008 260306t2020||||xx |||||||||||||| ||spa||
041 _aESP
082 _a616
_bR769 V. 2
100 _aRozman, Ciril,
_eAUT
245 0 _aMedicina interna
260 _c2020
300 _avarias paginaciones :
_c28 cm.
650 _aGEN
654 _aCCS
942 _cLIB
_dJUS
_fJUS
_2ddc
_n
999 _c2174
_d2174